| 000 | 00938nam a22002417a 4500 | ||
|---|---|---|---|
| 999 |
_c7480 _d7480 |
||
| 003 | AR-CdUCM | ||
| 008 | 190320b ||||| |||| 00| 0 spa d | ||
| 040 |
_aMUNICIPALIDAD PROVINCIAL DEL CUSCO _cBIBLIOTECA MUNICIPAL DEL CUSCO |
||
| 041 | _hit | ||
| 082 |
_a330.9 / _bC129 |
||
| 100 |
_aCaffé, Federico _921096 |
||
| 245 | _aEconomistas modernos / | ||
| 260 |
_aMéxico : _bEditorial hispano americana, _c1963. |
||
| 300 |
_a306 páginas ; _c17 cm. |
||
| 440 |
_aSección 13 Economía. _n167/167a _921097 |
||
| 505 | _aContenido: Esquemas teóricos y "mundo real" -- El mercado en sus formas concretas -- Teorías y políticas de la ocupación y del desarrollo -- La aportación de las investigaciones cuantitativas y de las nuevas técnicas... | ||
| 650 |
_aMercado _942 |
||
| 650 |
_aCiencias sociales _91096 |
||
| 650 |
_aEconomía _9382 |
||
| 700 |
_aSamper, Baltazar (traductor) _921098 |
||
| 942 |
_2ddc _cLIBROS |
||
| 945 | _adavv | ||